[Event "Milan op 01"]
[Site "Milan"]
[Date "2012.01.08"]
[Round "9"]
[White "Cantu, Guido"]
[Black "Pelizzola, Danilo"]
[Result "0-1"]
[WhiteElo "1914"]
[BlackElo "1963"]
[PlyCount "68"]
[EventDate "2012.01.02"]
[EventType "swiss"]
[EventRounds "9"]
[EventCountry "ITA"]
[SourceTitle "EXT 2014"]
[Source "ChessBase"]
[SourceDate "2013.11.20"]
[SourceVersion "1"]
[SourceVersionDate "2013.11.20"]
[SourceQuality "1"]

1. e4 e5 2. Nf3 Nc6 3. d4 exd4 4. Nxd4 Nf6 5. Nc3 d6 6. Nxc6 bxc6 7. Bd3 g6 8. Bg5 h6 9. Bh4 Bg7 10. 0-0 Qd7 11. e5 dxe5 12. Bxf6 Bxf6 13. Qf3 Bg7 14. Rad1 Qe6 15. Nb5 cxb5 16. Qxa8 a6 17. Be4 0-0 18. Qc6 Qxa2 19. b3 Qa5 20. Rd3 Qb4 21. Rfd1 Kh7 22. Qxc7 Qxe4 23. c4 bxc4 24. bxc4 Be6 25. c5 Rc8 26. Qb6 Qc4 27. Rd6 Bf8 28. Rd8 Bxc5 29. Rxc8 Bxb6 30. Rxc4 Bxc4 31. Rb1 Bd4 32. g3 a5 33. Kg2 a4 34. f4 a3 0-1

[Event "Milan op 01"]
[Site "Milan"]
[Date "2012.01.05"]
[Round "4"]
[White "Cantu, Guido"]
[Black "Bemporad, Filippo"]
[Result "0-1"]
[WhiteElo "1914"]
[BlackElo "2055"]
[PlyCount "64"]
[EventDate "2012.01.02"]
[EventType "swiss"]
[EventRounds "9"]
[EventCountry "ITA"]
[SourceTitle "EXT 2014"]
[Source "ChessBase"]
[SourceDate "2013.11.20"]
[SourceVersion "1"]
[SourceVersionDate "2013.11.20"]
[SourceQuality "1"]

1. e4 c5 2. Nf3 d6 3. d4 cxd4 4. Nxd4 Nf6 5. Nc3 e6 6. g4 Nc6 7. g5 Nd7 8. Rg1 Be7 9. Be3 0-0 10. Qh5 Re8 11. 0-0-0 Nxd4 12. Bxd4 e5 13. Be3 g6 14. Qf3 Nb6 15. h4 Be6 16. h5 Rc8 17. hxg6 fxg6 18. Bh3 Qd7 19. Bxe6+ Qxe6 20. Bxb6 axb6 21. Nd5 Bd8 22. Kb1 Rc6 23. Qb3 Kg7 24. Rg3 Rf8 25. Rh3 Rxf2 26. Rxh7+ Kxh7 27. Qg3 Rcxc2 28. Rh1+ Kg8 29. Rh6 Rxb2+ 30. Kc1 Rxa2 31. Kb1 Rfb2+ 32. Kc1 Rf2 0-1

[Event "Milan op 01"]
[Site "Milan"]
[Date "2012.01.03"]
[Round "2"]
[White "Cantu, Guido"]
[Black "Virzi, Ettore"]
[Result "1/2-1/2"]
[WhiteElo "1914"]
[BlackElo "1960"]
[PlyCount "129"]
[EventDate "2012.01.02"]
[EventType "swiss"]
[EventRounds "9"]
[EventCountry "ITA"]
[SourceTitle "EXT 2014"]
[Source "ChessBase"]
[SourceDate "2013.11.20"]
[SourceVersion "1"]
[SourceVersionDate "2013.11.20"]
[SourceQuality "1"]

1. e4 e5 2. Nf3 Nc6 3. d4 exd4 4. Nxd4 Nf6 5. Nc3 Bb4 6. Nxc6 bxc6 7. Bd3 0-0 8. 0-0 d5 9. exd5 cxd5 10. Bg5 c6 11. Qf3 Bd6 12. Rfe1 Rb8 13. Rab1 h6 14. Bf4 Bg4 15. Qe3 Re8 16. Qd2 Bxf4 17. Qxf4 Rxe1+ 18. Rxe1 Rxb2 19. h3 Be6 20. Na4 Qb8 21. Qd2 Rb1 22. Nc5 Nd7 23. Nxe6 fxe6 24. c4 Rxe1+ 25. Qxe1 e5 26. cxd5 cxd5 27. Bf5 Nf6 28. Qa5 d4 29. Qc5 Kh8 30. Qc4 Qd8 31. Qc5 e4 32. Qc8 Qxc8 33. Bxc8 g5 34. Kf1 Ne8 35. Ke2 Kg7 36. Ba6 Kf6 37. f3 Ke5 38. g3 Nf6 39. fxe4 Nxe4 40. Kf3 Nc3 41. Bc4 a5 42. Bf7 a4 43. Bc4 a3 44. Bf7 Ne4 45. Bg6 Nc3 46. Bf7 Nd5 47. Bg6 Nb4 48. Bf7 h5 49. h4 gxh4 50. gxh4 Kf5 51. Bxh5 Nxa2 52. Bf7 Nc3 53. h5 Kf6 54. Bc4 Kg5 55. Bf7 Kh6 56. Kf4 Kg7 57. Bc4 Nb5 58. Be6 Nd6 59. Kf3 Kh6 60. Ke2 Kxh5 61. Kd3 Nb5 62. Bb3 Kg5 63. Kc4 Kf4 64. Kxb5 d3 65. Kb4 1/2-1/2

[Event "Milan op 01"]
[Site "Milan"]
[Date "2012.01.02"]
[Round "1"]
[White "Astengo, Corrado"]
[Black "Cantu, Guido"]
[Result "1/2-1/2"]
[WhiteElo "2109"]
[BlackElo "1914"]
[PlyCount "38"]
[EventDate "2012.01.02"]
[EventType "swiss"]
[EventRounds "9"]
[EventCountry "ITA"]
[SourceTitle "EXT 2014"]
[Source "ChessBase"]
[SourceDate "2013.11.20"]
[SourceVersion "1"]
[SourceVersionDate "2013.11.20"]
[SourceQuality "1"]

1. e4 c5 2. Nf3 d6 3. d4 cxd4 4. Nxd4 Nf6 5. Nc3 a6 6. Bg5 e6 7. f4 Qc7 8. Qf3 b5 9. a3 Nbd7 10. 0-0-0 Be7 11. Bxf6 Nxf6 12. e5 Bb7 13. Qg3 dxe5 14. fxe5 Nh5 15. Qe3 g6 16. Rg1 h6 17. Nf3 Bc5 18. Nd4 Be7 19. Nf3 Bc5 1/2-1/2

[Event "Milan Palladino Memorial"]
[Site "Milan"]
[Date "2011.04.24"]
[Round "5"]
[White "Pelizzola, Danilo"]
[Black "Cantu, Guido"]
[Result "1/2-1/2"]
[WhiteElo "2063"]
[BlackElo "1892"]
[PlyCount "141"]
[EventDate "2011.04.21"]
[EventType "swiss"]
[EventRounds "7"]
[EventCountry "ITA"]
[SourceTitle "EXT 2023"]
[Source "ChessBase"]
[SourceDate "2022.10.05"]
[SourceVersion "1"]
[SourceVersionDate "2022.10.05"]
[SourceQuality "1"]

1. e4 c5 2. Nf3 d6 3. d4 cxd4 4. Nxd4 Nf6 5. Nc3 a6 6. Be2 e5 7. Nb3 Be7 8. Be3 Be6 9. 0-0 Nbd7 10. Re1 0-0 11. Bf3 Qc7 12. a4 Rfd8 13. a5 b5 14. axb6 Nxb6 15. Na5 Nc4 16. Nxc4 Bxc4 17. Na4 Nd7 18. Qd2 Nc5 19. Qc3 Nxa4 20. Rxa4 Rdc8 21. b3 Be6 22. Qxc7 Rxc7 23. Rc1 Rac8 24. c4 Rb8 25. Bd1 Rc6 26. Rca1 Bc8 27. Kf1 h6 28. Bd2 Bg5 29. Bc3 Kf8 30. Rb4 Rxb4 31. Bxb4 Ke7 32. Bc3 Be6 33. Ke2 g6 34. Kd3 h5 35. Ra4 Bf4 36. h3 Bg5 37. Rb4 Bc8 38. Rb8 Kd7 39. Rb4 Bc1 40. Ra4 Kc7 41. Ra2 Be6 42. Ba5+ Kd7 43. h4 Kc8 44. g3 Bh6 45. Be2 Bf8 46. f3 Be7 47. Be1 Bd8 48. Bf2 Kb7 49. Ra4 Bb6 50. Rb4 Kc7 51. Bxb6+ Rxb6 52. Kc3 f6 53. Ra4 Rc6 54. Ra1 Kb6 55. g4 Rc8 56. gxh5 gxh5 57. Rg1 Rg8 58. Rxg8 Bxg8 59. b4 Bf7 60. Kb3 Be8 61. Ka3 Bf7 62. Ka4 Be8+ 63. Kb3 Bf7 64. Kc3 Be8 65. Bd1 Bf7 66. Ba4 Bg6 67. Bd7 Bf7 68. Bc8 Be8 69. Be6 Bg6 70. Bd5 Be8 71. Kb3 1/2-1/2

[Event "Milan Palladino Memorial"]
[Site "Milan"]
[Date "2011.04.23"]
[Round "4"]
[White "Gaggino, Davide"]
[Black "Cantu, Guido"]
[Result "1/2-1/2"]
[WhiteElo "1903"]
[BlackElo "1892"]
[PlyCount "116"]
[EventDate "2011.04.21"]
[EventType "swiss"]
[EventRounds "7"]
[EventCountry "ITA"]
[SourceTitle "EXT 2023"]
[Source "ChessBase"]
[SourceDate "2022.10.05"]
[SourceVersion "1"]
[SourceVersionDate "2022.10.05"]
[SourceQuality "1"]

1. c4 Nf6 2. Nc3 c5 3. g3 g6 4. Bg2 Bg7 5. e4 d6 6. h3 0-0 7. Nge2 Nc6 8. 0-0 a6 9. d3 Rb8 10. a4 e6 11. Be3 Qc7 12. Qd2 b6 13. Bh6 Rd8 14. Bg5 Bb7 15. Rad1 Rd7 16. Qc1 Re8 17. Rfe1 Na5 18. Qf4 Nh5 19. Qh4 h6 20. Be3 Qd8 21. Qxd8 Rexd8 22. g4 Nf6 23. f4 d5 24. e5 Ne8 25. cxd5 exd5 26. d4 Nc4 27. Bc1 Nc7 28. Nb1 Bc6 29. b3 Na5 30. Rd3 c4 31. bxc4 dxc4 32. Ra3 Bxg2 33. Kxg2 Bf8 34. Ra2 Nb3 35. Be3 Nd5 36. Bd2 Nb4 37. Bxb4 Bxb4 38. Rf1 Nxd4 39. Ng3 Nb3 40. Ne4 Rd4 41. Nf6+ Kg7 42. Rff2 Nd2 43. Na3 Ne4 44. Nxe4 Rxe4 45. Nc2 Ba5 46. Kf3 Red4 47. Nxd4 Rxd4 48. Rfe2 c3 49. Ke3 Rd1 50. Kf2 Rd4 51. Kf3 Rd1 52. f5 Bb4 53. e6 fxe6 54. fxe6 Kf6 55. Re4 a5 56. Rae2 Rd3+ 57. Kg2 Rd2 58. Kf3 Rd3+ 1/2-1/2

[Event "Milan Crespi op-B 28th"]
[Site "Milan"]
[Date "2007.12.09"]
[Round "6"]
[White "Delledonne, Francesco"]
[Black "Cantu, Guido"]
[Result "0-1"]
[WhiteElo "1837"]
[BlackElo "1887"]
[PlyCount "108"]
[EventDate "2007.12.06"]
[EventType "swiss"]
[EventRounds "6"]
[EventCountry "ITA"]
[SourceTitle "EXT 2009"]
[Source "ChessBase"]
[SourceDate "2008.11.26"]
[SourceVersion "1"]
[SourceVersionDate "2008.11.26"]
[SourceQuality "1"]

1. d4 Nf6 2. c4 e6 3. Nf3 b6 4. a3 Bb7 5. Nc3 Be7 6. d5 exd5 7. cxd5 0-0 8. e4 d6 9. Bc4 Nbd7 10. 0-0 Ne5 11. Nxe5 dxe5 12. Qe2 Nd7 13. Rd1 a6 14. Qh5 Bc5 15. Bg5 Nf6 16. Qh4 h6 17. Be3 Bxe3 18. fxe3 Qd6 19. b4 Rac8 20. Rac1 Rfd8 21. Bb3 Qe7 22. Qg3 c5 23. b5 axb5 24. Nxb5 Nxe4 25. Qf3 Nd6 26. a4 Nxb5 27. axb5 Qd6 28. e4 Ra8 29. Rf1 f6 30. Qh5 Ra3 31. Rf3 Bc8 32. Rg3 Kh8 33. Qg6 Rg8 34. Rf1 Bd7 35. Rgf3 Be8 36. Qg4 c4 37. Bd1 Rxf3 38. Rxf3 Qc5+ 39. Kh1 Bxb5 40. Rh3 Qd4 41. Qf3 Rf8 42. Be2 Qa1+ 43. Qf1 Qxf1+ 44. Bxf1 Rc8 45. Rc3 Ba6 46. Kg1 Kg8 47. d6 Kf8 48. d7 Rd8 49. Bxc4 Bxc4 50. Rxc4 Rxd7 51. Kf2 Rb7 52. Kf3 Ke7 53. Kg4 b5 54. Rb4 Kd6 0-1

[Event "ITA-ch U20"]
[Site "Fiuggi"]
[Date "2007.07.24"]
[Round "7"]
[White "Pomaro, Alberto"]
[Black "Cantu, Guido"]
[Result "0-1"]
[WhiteElo "2149"]
[BlackElo "1854"]
[PlyCount "84"]
[EventDate "2007.07.18"]
[EventType "swiss"]
[EventRounds "9"]
[EventCountry "ITA"]
[SourceTitle "CBM 119 Extra"]
[Source "ChessBase"]
[SourceDate "2007.09.04"]
[SourceVersion "1"]
[SourceVersionDate "2007.09.04"]
[SourceQuality "1"]

1. d4 Nf6 2. c4 e6 3. Nf3 b6 4. a3 Bb7 5. Nc3 Ne4 6. Qc2 f5 7. d5 Nxc3 8. Qxc3 Qf6 9. Qd3 Bd6 10. Bd2 Na6 11. Bc3 Nc5 12. Qc2 Qe7 13. Nd4 Ne4 14. dxe6 dxe6 15. e3 Nxc3 16. Qxc3 Be5 17. Qc2 0-0 18. Nf3 Bf6 19. Bd3 Rad8 20. 0-0-0 Rd6 21. e4 Bg5+ 22. Kb1 Rxd3 23. Rxd3 Bxe4 24. Rhd1 Bxd3 25. Qxd3 Rd8 26. Qxd8+ Qxd8 27. Rxd8+ Bxd8 28. Nd4 Kf7 29. Nc6 Ke8 30. Nxa7 Kd7 31. Nb5 Bf6 32. Kc2 e5 33. f3 c6 34. Nc3 Kd6 35. b4 Bh4 36. g3 Bg5 37. Nd1 e4 38. fxe4 fxe4 39. Nc3 Ke5 40. Na4 Kd4 41. Nxb6 e3 42. Kd1 Kd3 0-1

[Event "ITA-ch U20"]
[Site "Fiuggi"]
[Date "2007.07.19"]
[Round "2"]
[White "Locci, Damiano"]
[Black "Cantu, Guido"]
[Result "1-0"]
[WhiteElo "2025"]
[BlackElo "1854"]
[PlyCount "71"]
[EventDate "2007.07.18"]
[EventType "swiss"]
[EventRounds "9"]
[EventCountry "ITA"]
[SourceTitle "CBM 119 Extra"]
[Source "ChessBase"]
[SourceDate "2007.09.04"]
[SourceVersion "1"]
[SourceVersionDate "2007.09.04"]
[SourceQuality "1"]

1. Nf3 Nf6 2. d4 e6 3. e3 b6 4. Bd3 Bb7 5. Nbd2 d5 6. b3 Nbd7 7. Bb2 Be7 8. c4 Ne4 9. Qc2 Ndf6 10. cxd5 Qxd5 11. Qxc7 Nd6 12. Qc2 Rc8 13. Qd1 0-0 14. 0-0 Nfe4 15. Re1 Nxd2 16. Qxd2 Ne4 17. Bxe4 Qxe4 18. Rec1 Bd6 19. Ne1 Qh4 20. g3 Qg4 21. a3 f5 22. f4 Rxc1 23. Rxc1 Rc8 24. Rxc8+ Bxc8 25. d5 Qg6 26. dxe6 Qxe6 27. Qc3 Qd7 28. Nf3 Bb7 29. Ng5 Bc5 30. Kf2 Bf8 31. Nf3 Qd1 32. Nd4 Qh1 33. Nxf5 Qxh2+ 34. Ke1 Bf3 35. Qc4+ Kh8 36. Bxg7+ 1-0

[Event "ITA-ch U20"]
[Site "Fiuggi"]
[Date "2007.07.18"]
[Round "1"]
[White "Cantu, Guido"]
[Black "Fossati, Remigio"]
[Result "0-1"]
[WhiteElo "1854"]
[BlackElo "2193"]
[PlyCount "76"]
[EventDate "2007.07.18"]
[EventType "swiss"]
[EventRounds "9"]
[EventCountry "ITA"]
[SourceTitle "CBM 119 Extra"]
[Source "ChessBase"]
[SourceDate "2007.09.04"]
[SourceVersion "1"]
[SourceVersionDate "2007.09.04"]
[SourceQuality "1"]

1. e4 c5 2. Nf3 e6 3. d4 cxd4 4. Nxd4 Nf6 5. Nc3 d6 6. g4 a6 7. g5 Nfd7 8. Rg1 Nc6 9. Be3 Qc7 10. Qd2 b5 11. 0-0-0 Bb7 12. f4 b4 13. Nce2 Nxd4 14. Qxd4 Rc8 15. Kb1 Qxc2+ 16. Ka1 Rc4 17. Rc1 Qxc1+ 18. Bxc1 Rxd4 19. Nxd4 Nc5 20. Bd2 Nxe4 21. Bxb4 d5 22. Bxf8 Rxf8 23. Bd3 Kd7 24. Rg2 Nd6 25. h4 g6 26. h5 Nf5 27. Bxf5 exf5 28. Re2 Rc8 29. Kb1 Rc4 30. hxg6 hxg6 31. Rd2 Kd6 32. a3 Rc8 33. Rc2 Re8 34. Re2 Rxe2 35. Nxe2 d4 36. Nxd4 Kd5 37. Ne2 Ke4 38. Kc2 Ke3 0-1

[Event "Bratto Martesana op"]
[Site "Bratto"]
[Date "2006.11.12"]
[Round "3"]
[White "Ciciotti, Augusto Walter"]
[Black "Cantu, Guido"]
[Result "1-0"]
[WhiteElo "1909"]
[BlackElo "1819"]
[PlyCount "95"]
[EventDate "2006.11.11"]
[EventType "swiss"]
[EventRounds "6"]
[EventCountry "ITA"]
[SourceTitle "EXT 2008"]
[Source "ChessBase"]
[SourceDate "2007.11.25"]
[SourceVersion "1"]
[SourceVersionDate "2007.11.25"]
[SourceQuality "1"]

1. d4 Nf6 2. c4 e6 3. Nf3 b6 4. g3 Ba6 5. b3 Bb4+ 6. Bd2 Be7 7. Bg2 Bb7 8. 0-0 0-0 9. Nc3 d6 10. Bc1 Nbd7 11. Qc2 c5 12. Rd1 cxd4 13. Rxd4 Qc8 14. Ba3 Nc5 15. Nb5 d5 16. Ne5 a6 17. Nc3 dxc4 18. Nxc4 Bxg2 19. Kxg2 Qb7+ 20. Kg1 Rfd8 21. Rad1 Rxd4 22. Rxd4 Rd8 23. Qd2 Rxd4 24. Qxd4 Kf8 25. b4 Ncd7 26. Nd6 Qc7 27. b5 a5 28. e4 e5 29. Qc4 Qxc4 30. Nxc4 Bxa3 31. Nxa3 Ke7 32. Nc4 Kd8 33. f3 Kc7 34. Kf2 h6 35. Ke3 g6 36. h3 Nh5 37. Nd5+ Kb8 38. g4 Nf4 39. Nxf4 exf4+ 40. Kxf4 Kc7 41. h4 Nc5 42. Ke3 Na4 43. Kd4 Kd7 44. f4 Ke6 45. f5+ gxf5 46. gxf5+ Kd7 47. e5 Kc7 48. Nd6 1-0

[Event "ITA-ch U20"]
[Site "Bratto"]
[Date "2006.08.25"]
[Round "7"]
[White "Cantu, Guido"]
[Black "Regorda, Massimiliano"]
[Result "1-0"]
[WhiteElo "1842"]
[BlackElo "1882"]
[PlyCount "25"]
[EventDate "2006.08.19"]
[EventType "swiss"]
[EventRounds "9"]
[EventCountry "ITA"]
[SourceTitle "CBM 113 Extra"]
[Source "ChessBase"]
[SourceDate "2006.09.14"]
[SourceVersion "1"]
[SourceVersionDate "2006.09.14"]
[SourceQuality "1"]

1. e4 e5 2. Nf3 Nc6 3. d4 exd4 4. Nxd4 Bc5 5. Nxc6 bxc6 6. Bd3 Qf6 7. 0-0 Ne7 8. Nc3 0-0 9. Qh5 g5 10. e5 Qg7 11. Ne4 Bd4 12. Nf6+ Kh8 13. Bxh7 1-0

[Event "ITA-ch U20"]
[Site "Porto San Giorgio"]
[Date "2004.09.21"]
[Round "2"]
[White "Cantu, Guido"]
[Black "Lampl, Gerald"]
[Result "1-0"]
[WhiteElo "1700"]
[BlackElo "1841"]
[PlyCount "83"]
[EventDate "2004.08.20"]
[EventType "swiss"]
[EventRounds "9"]
[EventCountry "ITA"]
[SourceTitle "EXT 2005"]
[Source "ChessBase"]
[SourceDate "2004.11.15"]
[SourceVersion "1"]
[SourceVersionDate "2004.11.15"]
[SourceQuality "1"]

1. e4 c5 2. Nc3 Nc6 3. f4 e6 4. Nf3 d5 5. Bb5 a6 6. Bxc6+ bxc6 7. b3 Qc7 8. e5 Ne7 9. Na4 Ng6 10. d3 Be7 11. 0-0 0-0 12. Qd2 Rb8 13. Ba3 Qa7 14. Qe3 Nxf4 15. Bxc5 Bxc5 16. Qxc5 Qxc5+ 17. Nxc5 Ng6 18. d4 f6 19. Rae1 fxe5 20. Nxe5 Rxf1+ 21. Kxf1 Nxe5 22. Rxe5 Kf7 23. Ke2 Ke7 24. Rh5 h6 25. Ke3 a5 26. Kf4 Bd7 27. Kf3 Rf8+ 28. Ke2 Rf6 29. Nb7 Rf4 30. c3 Rf8 31. Nxa5 Ra8 32. b4 Kd6 33. Re5 Bc8 34. Kd2 Ba6 35. Re1 Bc4 36. a4 Ba6 37. Nb3 Rf8 38. Ke3 Bf1 39. g3 Bc4 40. Nc5 e5 41. dxe5+ Kc7 42. Ne6+ 1-0

[Event "ITA-ch U20"]
[Site "Porto San Giorgio"]
[Date "2004.08.27"]
[Round "8"]
[White "Cantu, Guido"]
[Black "D'Apa, Matteo"]
[Result "1-0"]
[WhiteElo "1700"]
[BlackElo "1939"]
[PlyCount "93"]
[EventDate "2004.08.20"]
[EventType "swiss"]
[EventRounds "9"]
[EventCountry "ITA"]
[SourceTitle "EXT 2005"]
[Source "ChessBase"]
[SourceDate "2004.11.15"]
[SourceVersion "1"]
[SourceVersionDate "2004.11.15"]
[SourceQuality "1"]

1. e4 e5 2. f4 exf4 3. Nf3 Be7 4. Bc4 Nf6 5. Nc3 0-0 6. 0-0 Nxe4 7. Nxe4 d5 8. Bxd5 Qxd5 9. d3 Bg4 10. Bxf4 Nc6 11. Bd2 Nd4 12. Kh1 f5 13. Ng3 Bd6 14. c3 Nxf3 15. gxf3 Bh3 16. Rg1 Qxd3 17. Nh5 g6 18. Nf4 Bxf4 19. Bxf4 Qb5 20. Qb3+ Qxb3 21. axb3 c6 22. Rg3 Rfe8 23. Rxh3 Re2 24. Rb1 Rae8 25. Rg3 Kg7 26. Rg2 h6 27. Kg1 g5 28. Rxe2 Rxe2 29. Bb8 a6 30. Kf1 Re8 31. Ba7 f4 32. Bd4+ Kf7 33. Re1 Rb8 34. Kg2 b6 35. c4 c5 36. Bc3 h5 37. Kf2 Rg8 38. h3 h4 39. Re5 Rg6 40. Ke2 Rg8 41. Kd3 Rd8+ 42. Ke4 Rg8 43. Kf5 g4 44. fxg4 f3 45. Ke4 Re8 46. Rxe8 f2 47. Re5 1-0